000 00479nam a2200181Ia 4500
001 11123
005 20260306161923.0
008 260306t1966||||xx |||||||||||||| ||spa||
041 _aESP
082 _a985.009
_bB141Q
100 _aAlva Orlandini, Hernán
_eAUT
245 0 _aBiblioteca hombres del Perú:
_bJosé Joaquín de Mora; Martín Jorge Guise
260 _c1966
300 _a143 páginas :
_c19 cm.
650 _aGEN
654 _aCHU
942 _cLIB
_dJUS
_fJUS
_2ddc
_n
999 _c11123
_d11123